| 000 | 00395 a2200169 4500 | ||
|---|---|---|---|
| 001 | 61601 | ||
| 020 | _a9788526274297 | ||
| 040 | _cAnchieta - Pituba | ||
| 100 | _aPessôa, Karina Alessandra | ||
| 240 | 1 | 0 |
_aProjeto Radix _lpor |
| 245 | 1 | 0 | _aProjeto Radix |
| 300 | _a304 | ||
| 362 | 0 | _a2009 | |
| 440 | 1 | _aScipione | |
| 650 | 4 | _aBIOLOGIA, CIÊNICAS DA VIDA (CIÊNCIAS NATURAIS) | |
| 942 | _cBK | ||
| 999 |
_c61601 _d61601 |
||